000 00488nam a22001817a 4500
003 LK-CoDNM
005 20250120112544.0
008 250120b |||||||| |||| 00| 0 eng d
040 _aLK-CoDNM
_dLK-CoDNM
_eLK-CoDNM
041 _aeng
_hSinhala
080 _a11
_bU18
100 _aFritsch F.E.
245 _aThe Structure And Reproduction Of The Algae
260 _aCambridge
_bThe University Press
_c1935
300 _axvii, 791p. : ill , 21 cm
650 _aScience
942 _cBK
999 _c236983
_d236983